Guess the 1960s song lyrics #266 - Statistics

General Stats
  • This quiz has been taken 20 times
  • The average score is 78 of 165
Answer Stats
Answer % Correct
a
89%
I
83%
Santana
78%
who
78%
you
78%
You
78%
me
72%
My
72%
my
72%
on
72%
your
72%
all
67%
And
67%
and
67%
go
67%
to
67%
are
61%
is
61%
of
61%
that
61%
This
61%
When
61%
You're
61%
can't
56%
come
56%
You've
56%
every
50%
got
50%
I'll
50%
over
50%
baby
44%
Baby
44%
home
44%
I'm
44%
like
44%
With
44%
change
39%
down
39%
evil
39%
feel
39%
say
39%
ways
39%
around
33%
Before
33%
find
33%
knows
33%
stop
33%
Yeah
33%
yeah
33%
Lord
28%
make
28%
runnin
28%
tired
28%
town
28%
won't
28%
clown
22%
lovin
22%
somebody
22%
cold
17%
dark
17%
foolin
17%
gettin
17%
house
17%
Jean
17%
Joan
17%
true
17%
hidin
11%
round
11%
sneakin
11%
waitin
11%
word
11%
hangin
6%
peepin
6%
pots
6%
No matching quizzes found
Score Distribution
Percent of People with Each Score
Percentile by Number Answered
Your Score History
You have not taken this quiz